000 00449nam a2200181Ia 4500
001 10907
005 20260306161907.0
008 260306t1985||||xx |||||||||||||| ||spa||
041 _aESP
082 _a980.013
_bM14 T. 2
100 _aMadariaga, Salvador de
_eAUT
245 0 _aEl auge y el ocaso del imperio español en América (II)
260 _c1985
300 _a
_c20 cm.
650 _aGEN
654 _aCHU
942 _cLIB
_dJUS
_fJUS
_2ddc
_n
999 _c10907
_d10907